| 000 | 00618nam a2200229 i 4500 | ||
|---|---|---|---|
| 001 | 17266 | ||
| 003 | ES-MaACL | ||
| 005 | 20230906151533.0 | ||
| 007 | t| | ||
| 008 | 010124s2000 sp ||||0| spa j | ||
| 020 | _a84-7888-277-4 | ||
| 040 |
_aM-BN _bspa _cM-BN |
||
| 080 | _a860(728.5)-31"19" | ||
| 100 | 1 |
_aBelli, Gioconda. _927209 |
|
| 245 | 1 | 3 |
_aLa mujer habitada / _cGioconda Belli. |
| 260 |
_aBarcelona : _bEmecé, _c[2000] |
||
| 300 |
_a458 p. ; _c19 cm. |
||
| 490 | 1 | _aLetras de bolsillo | |
| 830 | 0 |
_aLetras de bolsillo _9228699 |
|
| 852 |
_aES-MaACL _jL-24091 _bR.129423 |
||
| 999 |
_c17266 _d17266 |
||